00591nam a2200205 a 4500001001300000003000900013005001700022008004100039020001000080082001600090100002200106245008000128260004200208300000900250500003500259505001000294650002500304650002600329650003000355nice12345678IN_TiNIC20260116013513.0050524s1997 dela grp 000 0 eng  ac40000a275.54bGUE aGuerreiro, Fernao aJahangir and the Jesuits With an Account of the Travels of Benedict Goes an aDelhibMunshiram Manoharlal Pubc1997 a287p aincludes index and biblioraphy2 aIndex aChurch-History India aMughal India-Jahangir aJahangir and Christianity